000 00651nam a2200181Ia 4500
003 GCL
008 140319s9999 xx 000 0 ara d
040 _aGCL /
_cGCL
082 0 4 _a022
_bع م
100 1 _aعبدالعزيز فهمى هيكل
245 1 0 _aمركز المعلوماتية المركزية واللامركزية: تحليل النظم, التوثيق والمكتبات شبكات الاتصال /
_cعبدالعزيز فهمى هيكل
260 _a[S.N] :
_bدار الراتب الجامعية
300 _a217 ص
490 _a
650 0 4 _aمراكز المعلومات
650 0 4 _aالمكتبات
942 _2ddc
_cBK
999 _c53335
_d53335